Xây dựng tài liệu hướng dẫn dạy học "Tự nhiên - xã hội" ở tiểu học bằng phương pháp "Bàn tay nặn bột" /

Сохранить в:
Библиографические подробности
Главный автор: Đỗ Thị Nga.
Формат: Статья
Язык:Vietnamese
Предметы:
Метки: Добавить метку
Нет меток, Требуется 1-ая метка записи!
Thư viện lưu trữ: Thư viện Trường Đại học Đà Lạt
LEADER 00908nam a2200253 4500
001 DLU130154849
005 ##20131014
040 # # |a DLU  |b vie 
041 # # |a vie 
044 # # |a vn 
100 # # |a Đỗ Thị Nga. 
245 # # |a Xây dựng tài liệu hướng dẫn dạy học "Tự nhiên - xã hội" ở tiểu học bằng phương pháp "Bàn tay nặn bột" /  |c Đỗ Thị Nga. 
653 # # |a Giáo dục tiểu học 
653 # # |a Phương pháp dạy học 
653 # # |a Tài liệu hướng dẫn 
773 # # |t Tạp chí Khoa học Đại học Sư phạm TP. Hồ Chí Minh: Khoa học giáo dục   |g Số 39(73), 2012, tr. 136-146 
920 # # |a Phòng Tạp chí -- Trung tâm Thông tin - Thư viện Trường Đại học Đà Lạt 
900 # # |a True 
911 # # |a Hoàng Thị Huyền 
925 # # |a G 
926 # # |a A 
927 # # |a BB 
980 # # |a Thư viện Trường Đại học Đà Lạt